| 000 | 01011nac a22002891i 4500 | ||
|---|---|---|---|
| 003 | EG-ScBUE | ||
| 005 | 20251209092140.0 | ||
| 008 | 250901r19621960enka f b 001 0 eng d | ||
| 020 | _a0408548517 | ||
| 040 |
_aEG-ScBUE _beng _erda _cEG-ScBUE _dEG-ScBUE |
||
| 082 | 0 | 4 |
_a547.3463 _bCRO _222 |
| 100 | 1 |
_aCross, A. D., _eauthor. |
|
| 245 | 1 | 3 |
_aAn introduction to practical infra-red spectroscopy / _cA. D. Cross, B.Sc., Ph.D., Imperial College of Science and Technology, London. |
| 250 | _aReprinted edition. | ||
| 264 | 1 |
_aLondon : _bButterworths, _c1962. |
|
| 300 |
_aviii, 80 pages : _billustrations ; _c25 cm |
||
| 336 |
_2rdacontent _atext _btxt |
||
| 337 |
_aunmediated _2rdamedia _bn |
||
| 338 |
_avolume _bnc _2rdacarrier |
||
| 504 | _aIncludes bibliographical references and index. | ||
| 650 | 7 |
_aInfrared spectra. _2BUEsh |
|
| 650 | 7 |
_aChemistry, Organic. _2BUEsh |
|
| 650 | 7 |
_aChemistry, Analytic. _2BUEsh |
|
| 655 | _vReading book | ||
| 942 |
_cBB _2ddc |
||
| 999 |
_c1836 _d1836 |
||